The Simple Science of SOIL / (Record no. 174541)

MARC details
000 -LEADER
fixed length control field 00995nam a22003257ia4500
005 - DATE AND TIME OF LATEST TRANSACTION
control field 20191113163441.0
008 - FIXED-LENGTH DATA ELEMENTS--GENERAL INFORMATION
fixed length control field 191006t20182018enko j 001 0 eng d
020 ## - INTERNATIONAL STANDARD BOOK NUMBER
International Standard Book Number 9781474743525
Qualifying information hardback
Terms of availability RM75.40
040 ## - CATALOGING SOURCE
Original cataloging agency PPAK
Language of cataloging eng
Transcribing agency PPAK
Description conventions rda
082 04 - DEWEY DECIMAL CLASSIFICATION NUMBER
Classification number 631.4
Edition number 23
090 00 - LOCALLY ASSIGNED LC-TYPE CALL NUMBER (OCLC); LOCAL CALL NUMBER (RLIN)
Classification number (OCLC) (R) ; Classification number, CALL (RLIN) (NR) 631.4
Feature heading JAM
Feature heading RK
100 1# - MAIN ENTRY--PERSONAL NAME
Personal name James, Emily,
Dates associated with a name 1983-
Relator term author.
245 14 - TITLE STATEMENT
Title The Simple Science of SOIL /
Statement of responsibility, etc. Emily James ; Edited by Jaclyn Jaycox
264 #1 - PRODUCTION, PUBLICATION, DISTRIBUTION, MANUFACTURE, AND COPYRIGHT NOTICE
Place of production, publication, distribution, manufacture Oxford :
Name of producer, publisher, distributor, manufacturer Raintree,
Date of production, publication, distribution, manufacture, or copyright notice [2018]
Date of production, publication, distribution, manufacture, or copyright notice ©2018
300 ## - PHYSICAL DESCRIPTION
Extent 32 pages :
Other physical details colour photographs ;
Dimensions 27 cm
336 ## - CONTENT TYPE
Source rdacontent
Content type term text
337 ## - MEDIA TYPE
Source rdamedia
Media type term unmediated
338 ## - CARRIER TYPE
Source rdacarrier
Carrier type term volume
490 1# - SERIES STATEMENT
Series statement A+ books
Series statement SIMPLY SCIENCE
500 ## - GENERAL NOTE
General note Includes index.
General note "Book Band Colour: Orange"--Back cover.
504 ## - BIBLIOGRAPHY, ETC. NOTE
Bibliography, etc. note Bibliography: page 31.
650 10 - SUBJECT ADDED ENTRY--TOPICAL TERM
Topical term or geographic name entry element Soil science
Form subdivision Juvenile literature
700 1# - ADDED ENTRY--PERSONAL NAME
Personal name Jaycox, Jaclyn,
Relator term editor.
830 #0 - SERIES ADDED ENTRY--UNIFORM TITLE
Uniform title A+ books
Uniform title Simply science
942 ## - ADDED ENTRY ELEMENTS (KOHA)
Source of classification or shelving scheme Dewey Decimal Classification
Koha item type Book
Holdings
Withdrawn Not for loan Current library Shelving location Date acquired Full call number Barcode Date last seen Koha item type
  Not For Loan Perpustakaan Alor Setar Rujukan Kanak-kanak 20/11/2019 RK 631.4 JAM A01619252 20/11/2019 Book
  Not For Loan Perpustakaan Awam Sungai Petani Rujukan Kanak-kanak 20/11/2019 RK 631.4 JAM A01619253 20/11/2019 Book